Solving Sexual Problems in the 1990s : (Record no. 610721)

MARC details
000 -LEADER
fixed length control field 00518nam a2200193 a 4500
008 - FIXED-LENGTH DATA ELEMENTS--GENERAL INFORMATION
fixed length control field 260206s1989##################000#0#eng##
020 ## - INTERNATIONAL STANDARD BOOK NUMBER
ISBN 9780820410616
082 04 - DEWEY DECIMAL CLASSIFICATION NUMBER
Classification number 306.0973
Item number ARD
100 1# - MAIN ENTRY--AUTHOR NAME
Personal name Ard, Ben N.,
245 10 - TITLE STATEMENT
Title Solving Sexual Problems in the 1990s :
260 ## - PUBLICATION, DISTRIBUTION, ETC. (IMPRINT)
Name of publisher Peter Lang Pub Incorporated,
Year of publication 1989.
300 ## - PHYSICAL DESCRIPTION
Number of Pages 302 pages
650 #0 - SUBJECT ADDED ENTRY--TOPICAL TERM
Topical Term Psychology.
942 ## - ADDED ENTRY ELEMENTS (KOHA)
Koha item type English Books
Holdings
Withdrawn status Lost status Damaged status Not for loan Home library Current library Shelving location Date acquired Full call number Accession Number Price effective from Koha item type
        Anna Centenary Library Anna Centenary Library 3RD FLOOR, B WING 06.02.2026 306.0973 ARD 219935 06.02.2026 English Books

Find us on the map